00776cam a22002411i 4500001001300000003000400013005001700017008004100034010001700075035001900092040002100111042001200132043001300144050001400157051002600171100003700197245007200234260004300306300004500349490004100394504004200435810005700477gs 11000491 DLC20260227111312.0790518s1911 dcuaf b f001 0 eng  ags 11000491  a(OCoLC)4979022 aDLCcICharEdDLC apremarc an-usa---00aQE75b.B9 aTN443.A5bW4cCopy 2.1 aWeed, Walter Harvey,d1862-1944.10aCopper deposits of the Appalachian states /cby Walter Harvey Weed. aWashington,bGovt. Print. Off.,c1911. a166 p. :bill., v pl., diagrs. ;c24 cm.1 aU.S. Geological survey. Bulletin 455 aBibliographical foot-notes and index.1 aUnited States.bGeological Survey.tBulletin ;v455.